[Event "Dos Hermanas"]
[Site "Dos Hermanas"]
[Date "1997.??.??"]
[Round "2"]
[White "Short, Nigel D"]
[Black "Topalov, Veselin"]
[Result "0-1"]
[WhiteElo "2690"]
[BlackElo "2725"]
[PlyCount "130"]
[EventDate "1997.04.01"]
[Source "ChessBase"]
[SourceDate "1997.08.01"]

1. e4 c5 2. Nc3 e6 3. f4 Nc6 4. Nf3 d5 5. Bb5 Nge7 6. Ne5 Bd7 7. Nxd7 Qxd7 8. exd5 exd5 9. O-O O-O-O 10. a3 Nf5 11. Be2 c4 12. Bf3 Bc5+ 13. Kh1 h5 14. Bxd5 h4 15. h3 Ng3+ 16. Kh2 Nxf1+ 17. Qxf1 Rhe8 18. Bxc4 Qd4 19. d3 Qf2 20. Qxf2 Bxf2 21. Bd2 f5 22. Bb5 Rd6 23. Rf1 Bg3+ 24. Kg1 a6 25. Bxc6 Rxc6 26. Rc1 b5 27. Kf1 Rce6 28. Rd1 Kb7 29. d4 Rd6 30. d5 Kb6 31. b4 Kb7 32. Bc1 Rd7 33. Ne2 Red8 34. Nc3 Rc8 35. Rd3 Re7 36. Be3 Rce8 37. Nd1 Re4 38. d6 Kc6 39. d7 Rd8 40. Nc3 Re6 41. Ne2 Rxd7 42. Rc3+ Kb7 43. Nxg3 hxg3 44. Ke2 Rc7 45. Rxc7+ Kxc7 46. Kf3 Kd7 47. Bd4 Rg6 48. Ke3 Ke8 49. Kf3 Kf7 50. c3 Ke6 51. Ke3 Kd5 52. Kd3 Re6 53. Bxg7 Re1 54. Bd4 Ke6 55. Kd2 Ra1 56. Ke2 Rxa3 57. Be5 a5 58. bxa5 Rxa5 59. h4 Ra3 60. h5 Kf7 61. Bd4 Kg8 62. h6 Kh7 63. Bg7 Kg6 64. Kd2 Ra2+ 65. Ke3 Rf2 0-1

[Event "Linares ;CBM 22"]
[Site "Linares ;CBM 22"]
[Date "1991.??.??"]
[Round "12"]
[White "Ljubojevic, Ljubomir"]
[Black "Kasparov, Gary"]
[Result "0-1"]
[WhiteElo "2590"]
[BlackElo "2800"]
[PlyCount "26"]
[EventDate "1991.??.??"]
[Source "www.chesslib.no"]
[SourceDate "2004.05.04"]

1. e4 c5 2. Nc3 d6 3. f4 Nc6 4. Nf3 g6 5. Bb5 Bd7 6. O-O Bg7 7. d3 a6 8. Bxc6 Bxc6 9. Qe1 Qd7 10. a4 b6 11. b3 Nf6 12. h3 Nh5 13. Bd2 f5 0-1

[Event "Selfoss"]
[Site "?"]
[Date "2003.??.??"]
[Round "?"]
[White "Fressinet, L."]
[Black "Bologan, V."]
[Result "0-1"]
[WhiteElo "2654"]
[BlackElo "2673"]
[PlyCount "82"]
[EventDate "2003.??.??"]
[Source "Chess Informant"]
[SourceDate "2003.10.01"]

1. e4 c5 2. Nc3 a6 3. Nge2 b5 4. d4 cxd4 5. Nxd4 Bb7 6. Bd3 Nc6 7. Nxc6 Bxc6 8. O-O e6 9. Re1 Bc5 10. Qh5 d6 11. Be3 Nf6 12. Qg5 Bxe3 13. Rxe3 O-O 14. Rg3 Ne8 15. Qh5 e5 16. Rf1 Qe7 17. f4 exf4 18. Rxf4 Qe5 19. Qf3 g6 20. Qf2 Ng7 21. Re3 Rae8 22. Rff3 Ne6 23. Re1 Nc5 24. Rfe3 Re6 25. a3 Rb8 26. Rf1 Re7 27. Rfe1 Qd4 28. Rd1 Qe5 29. Rde1 Rbe8 30. R3e2 Kg7 31. h3 Re6 32. Re3 Rf6 33. Qd2 Qd4 34. Kh1 Rfe6 35. R3e2 Nd7 36. Rf1 R8e7 37. Rfe1 Nf6 38. Rf1 Nh5 39. Rf3 f5 40. exf5 Bxf3 41. Rxe6 Rxe6 0-1

[Event "Neum (Bosna & Herzegovna)"]
[Site "?"]
[Date "2000.09.27"]
[Round "4"]
[White "Ponomariov Ruslan"]
[Black "Van Wely Loek"]
[Result "1/2-1/2"]
[WhiteElo "2630"]
[BlackElo "2643"]
[PlyCount "81"]
[EventDate "2000.??.??"]
[Source "www.chesslib.no"]
[SourceDate "2004.05.04"]

1. e4 c5 2. Nc3 d6 3. Bb5+ Bd7 4. a4 Nc6 5. d3 g6 6. Bg5 Bg7 7. Nge2 Nf6 8. O-O O-O 9. Qd2 Nd4 10. Nxd4 cxd4 11. Ne2 d5 12. e5 Ng4 13. Qb4 Bxb5 14. Bxe7 a5 15. Qa3 Qc7 16. Bd6 Qxc2 17. Nxd4 Qd2 18. Nf3 Qxd3 19. axb5 Qxa3 20. bxa3 Rfe8 21. Rfe1 f6 22. e6 Ne5 23. Nxe5 fxe5 24. Bxe5 Rac8 25. h4 h5 26. Bxg7 Kxg7 27. Rad1 Rc5 28. Re5 Rxb5 29. Rexd5 Rxd5 30. Rxd5 b6 31. Rd6 b5 32. Rb6 b4 33. axb4 axb4 34. f3 Kf6 35. Kf2 Rxe6 36. Rxb4 Ra6 37. Ke3 Ra2 38. g3 Ra3+ 39. Ke4 Ra6 40. Rc4 Ke6 41. Kf4 1/2-1/2

[Event "Wijk aan Zee"]
[Site "?"]
[Date "1992.??.??"]
[Round "?"]
[White "Sax, Gyula"]
[Black "Gelfand, Boris"]
[Result "0-1"]
[WhiteElo "2600"]
[BlackElo "2665"]
[PlyCount "25"]
[EventDate "1992.??.??"]
[Source "www.chesslib.no"]
[SourceDate "2004.05.04"]

1. e4 c5 2. Nc3 d6 3. f4 Nc6 4. Nf3 g6 5. Bc4 Bg7 6. O-O e6 7. d3 Nge7 8. Qe1 h6 9. Qg3 d5 10. Bb3 O-O 11. f5 dxe4 12. dxe4 exf5 13. Qh4 0-1

[Event "Corr"]
[Site "?"]
[Date "1999.06.30"]
[Round "?"]
[White "Ekebjaerg Ove (DEN)"]
[Black "Maliangkay Rudolf J.(NED)"]
[Result "1/2-1/2"]
[WhiteElo "2635"]
[BlackElo "2618"]
[PlyCount "78"]
[EventDate "1999.??.??"]
[Source "www.chesslib.no"]
[SourceDate "2004.05.04"]

1. Nc3 g6 2. e4 Bg7 3. f4 c5 4. Nf3 Nc6 5. Bb5 Nd4 6. a4 b6 7. Bc4 Bb7 8. Bd5 Bxd5 9. Nxd5 e6 10. Ne3 Ne7 11. O-O O-O 12. d3 d5 13. e5 Nxf3+ 14. Qxf3 f6 15. exf6 Bxf6 16. c3 Nc6 17. Bd2 Qd7 18. Ng4 Bg7 19. Rae1 Rae8 20. Qd1 Rf5 21. b3 Qd6 22. Qe2 a6 23. g3 b5 24. axb5 axb5 25. Kg2 b4 26. cxb4 cxb4 27. Qe3 Kh8 28. Qb6 Rb8 29. Qa6 Qd7 30. Ne5 Nxe5 31. fxe5 Rxe5 32. Bxb4 Rxe1 33. Rxe1 h6 34. Bc5 Rxb3 35. Qxe6 Qxe6 36. Rxe6 Rxd3 37. Rxg6 Rd2+ 38. Kh3 Kh7 39. Rd6 d4 1/2-1/2

[Event "JUG-chT playoff sf"]
[Site "Novi Sad"]
[Date "2000.09.06"]
[Round "1.7"]
[White "Nevednichy, Vladislav"]
[Black "Georgiev, Kiril"]
[Result "0-1"]
[WhiteElo "2582"]
[BlackElo "2661"]
[PlyCount "54"]
[EventDate "2000.09.??"]
[Source "ChessBase"]
[SourceDate "2000.11.10"]

1. e4 c5 2. f4 g6 3. Nf3 Bg7 4. Nc3 Nc6 5. Bc4 e6 6. d3 Nge7 7. a3 d5 8. Ba2 dxe4 9. Nxe4 O-O 10. h4 h5 11. g4 hxg4 12. Nfg5 Nd5 13. h5 f6 14. Qxg4 fxg5 15. hxg6 gxf4 16. Qh3 Rf5 17. Bxf4 Rxf4 18. O-O-O e5 19. Qh7+ Kf8 20. Rdf1 Be6 21. Nxc5 Bg8 22. Rxf4+ exf4 23. Qh3 Qc8 24. Nd7+ Ke7 25. Re1+ Kd6 26. Bxd5 Bxd5 27. Qf5 Qxd7 0-1

[Event "ICC GM Fights 1"]
[Site "Internet"]
[Date "1999.05.22"]
[Round "2"]
[White "Sutovsky, Emil"]
[Black "Piket, Jeroen"]
[Result "1-0"]
[WhiteElo "2612"]
[BlackElo "2619"]
[PlyCount "131"]
[EventDate "1999.05.??"]
[Source "ChessBase"]
[SourceDate "1999.07.10"]

1. e4 c5 2. Nc3 d6 3. f4 g6 4. Nf3 Bg7 5. Bc4 e6 6. O-O Ne7 7. Qe1 a6 8. d3 b5 9. Bb3 Nbc6 10. f5 gxf5 11. Bg5 Qb6 12. Kh1 f4 13. Bxf4 Ne5 14. Nxe5 dxe5 15. Be3 Nc6 16. Qf2 Qc7 17. Bxc5 Nd4 18. Bb6 Qe7 19. Bc5 Qc7 20. Bxd4 exd4 21. Ne2 Be5 22. Nxd4 Bxh2 23. Qh4 Be5 24. c3 Ra7 25. Qh5 Qd6 26. Nf3 Bf4 27. d4 Rd7 28. e5 Qe7 29. Qg4 Bh6 30. Nh2 Bb7 31. Rf6 Bf8 32. Bxe6 fxe6 33. Rxe6 Kd8 34. Rxe7 Rxe7 35. Nf3 h5 36. Qh4 Kc7 37. Rf1 Rg8 38. Qf6 Reg7 39. Rf2 Be7 40. Qe6 Rd8 41. Kg1 h4 42. Kf1 Bc8 43. Qh6 Rdg8 44. d5 Kb8 45. d6 Bd8 46. Qe3 h3 47. gxh3 Bxh3+ 48. Ke2 Bg4 49. e6 Rg6 50. e7 Re6 51. Rg2 Bxe7 52. Qxe6 Bxe6 53. Rxg8+ Bxg8 54. dxe7 Bf7 55. Ng5 Bh5+ 56. Ke3 Kc8 57. Nh7 Kd7 58. Nf6+ Kxe7 59. Nxh5 Kd6 60. Kd4 a5 61. c4 bxc4 62. Kxc4 Ke5 63. a4 Ke4 64. Kb5 Kd3 65. Kxa5 Kc2 66. Kb4 1-0

[Event "Curacao Sedreko Open"]
[Site "Willemstad"]
[Date "2003.08.01"]
[Round "7"]
[White "Macieja, Bartlomiej"]
[Black "Sadvakasov, Darmen"]
[Result "0-1"]
[WhiteElo "2627"]
[BlackElo "2600"]
[PlyCount "75"]
[EventDate "2003.07.25"]
[Source "Roberto Alvarez"]
[SourceDate "2003.07.21"]

1. e4 c5 2. Nc3 d6 3. f4 g6 4. Nf3 Bg7 5. Bc4 Nc6 6. O-O e6 7. d3 Nge7 8. Qe1 O-O 9. Bb3 Na5 10. Bd2 Nec6 11. Kh1 Bd7 12. e5 Nxb3 13. axb3 f5 14. exd6 Nd4 15. Nxd4 cxd4 16. Ne2 Qb6 17. Bb4 Rfc8 18. Qd2 Bf8 19. c3 a5 20. Ba3 dxc3 21. bxc3 Bxd6 22. Bxd6 Qxd6 23. Qe3 b5 24. Rfc1 Re8 25. Qd4 Qxd4 26. Nxd4 e5 27. fxe5 Rxe5 28. b4 a4 29. Kg1 Re3 30. Rd1 f4 31. c4 Rd8 32. Nxb5 Bxb5 33. cxb5 Re2 34. b6 Rb8 35. Rxa4 Rxb6 36. Ra7 Rc6 37. b5 Rcc2 38. Ra8+ 0-1

[Event "Pula"]
[Site "?"]
[Date "1997.??.??"]
[Round "?"]
[White "Hracek, Z."]
[Black "Alterman, B."]
[Result "0-1"]
[WhiteElo "2630"]
[BlackElo "2595"]
[PlyCount "78"]
[EventDate "1997.??.??"]
[Source "ChessBase"]
[SourceDate "1997.02.01"]

1. e4 c5 2. Nc3 g6 3. f4 Bg7 4. Nf3 Nc6 5. Bb5 Nd4 6. O-O Nxb5 7. Nxb5 d6 8. a4 Nf6 9. d3 O-O 10. Qe1 e6 11. Qh4 a6 12. Nxd6 Qxd6 13. e5 Qd8 14. f5 exf5 15. Bg5 Re8 16. Bxf6 Bxf6 17. exf6 Qd6 18. Ng5 Qxf6 19. Qxh7+ Kf8 20. Ne4 Qd4+ 21. Kh1 Be6 22. c3 Qe5 23. Qh6+ Kg8 24. Qg5 Kg7 25. Ng3 f6 26. Nh5+ Kf7 27. Qh6 gxh5 28. Qh7+ Kf8 29. Rae1 Qd6 30. Re3 f4 31. Re4 Bg4 32. Qh6+ Kf7 33. Rexf4 Re6 34. h3 Rg8 35. hxg4 hxg4 36. Qh5+ Kf8 37. Qh6+ Kf7 38. Qh5+ Kf8 39. d4 Qxf4 0-1

[Event "Znojmo m 30'"]
[Site "Znojmo"]
[Date "1999.05.03"]
[Round "3"]
[White "Rogers, Ian"]
[Black "Ftacnik, Lubomir"]
[Result "0-1"]
[WhiteElo "2618"]
[BlackElo "2585"]
[PlyCount "76"]
[EventDate "1999.05.??"]
[Source "ChessBase"]
[SourceDate "1999.07.10"]

1. e4 d6 2. f4 c5 3. Nf3 g6 4. Nc3 Bg7 5. Bc4 Nc6 6. O-O e6 7. d3 Nge7 8. f5 O-O 9. fxe6 Bxe6 10. Bxe6 fxe6 11. Be3 Qd7 12. Qd2 Nd4 13. Bxd4 cxd4 14. Ne2 Nc6 15. c3 dxc3 16. bxc3 d5 17. exd5 exd5 18. Rae1 Rae8 19. Ng3 b5 20. Rxe8 Rxe8 21. Re1 Rxe1+ 22. Qxe1 d4 23. cxd4 Nxd4 24. Ng5 h6 25. N5e4 Nc2 26. Qd1 Qd4+ 27. Nf2 Qb2 28. h4 Qxa2 29. Qg4 Kh7 30. Qd7 Qa1+ 31. Kh2 Qd4 32. Qf7 Qxh4+ 33. Nh3 Ne3 34. Ne4 Ng4+ 35. Kh1 a5 36. Qd5 b4 37. Qxa5 b3 38. Qb4 b2 0-1

[Event "Yerevan"]
[Site "Yerevan"]
[Date "1980.??.??"]
[Round "6"]
[White "Romanishin, Oleg M"]
[Black "Tseshkovsky, Vitaly"]
[Result "0-1"]
[WhiteElo "2580"]
[BlackElo "2595"]
[PlyCount "108"]
[EventDate "1980.06.??"]
[Source "ChessBase"]

1. e4 c5 2. Nc3 d6 3. f4 Nc6 4. Nf3 g6 5. Bb5 Bg7 6. O-O Bd7 7. d3 Nf6 8. e5 dxe5 9. Nxe5 Nd4 10. Bc4 O-O 11. Nxd7 Qxd7 12. a4 Rad8 13. Kh1 Qg4 14. Be3 Qxd1 15. Raxd1 Ng4 16. Bg1 Nxc2 17. Bxc5 Nce3 18. h3 Nxd1 19. Nxd1 Rc8 20. Bxe7 Rfe8 21. Bh4 Bf6 22. f5 Bxh4 23. fxg6 Nf2+ 24. Nxf2 hxg6 25. b3 Bxf2 26. Rxf2 Re7 27. Rf4 Kg7 28. Rd4 Rcc7 29. Rd8 Rcd7 30. Ra8 b6 31. Kh2 Re5 32. d4 Ree7 33. d5 f5 34. Rc8 Rd6 35. Kg3 Kf6 36. Kf4 Re4+ 37. Kf3 Ke5 38. Bd3 Rh4 39. Kg3 Rb4 40. Bc4 a6 41. Rb8 b5 42. axb5 axb5 43. Kf3 Rxc4 44. bxc4 bxc4 45. g4 fxg4+ 46. hxg4 Rxd5 47. Rg8 Rd6 48. Ke3 Ra6 49. Rc8 Kd5 50. Rg8 Rd6 51. Rc8 Rc6 52. Rd8+ Kc5 53. g5 Re6+ 54. Kf4 c3 0-1

[Event "Poikovsky Karpov"]
[Site "Poikovsky"]
[Date "2001.05.01"]
[Round "1"]
[White "Mitkov, Nikola"]
[Black "Leitao, Rafael"]
[Result "0-1"]
[WhiteElo "2578"]
[BlackElo "2587"]
[PlyCount "70"]
[EventDate "2001.05.05"]
[Source "ChessBase"]
[SourceDate "2001.09.13"]

1. e4 c5 2. Nc3 d6 3. f4 Nc6 4. Nf3 g6 5. Bc4 Bg7 6. O-O Nf6 7. d3 O-O 8. Qe1 e6 9. Bb3 Na5 10. e5 Ne8 11. Ba4 b6 12. Bd2 Bb7 13. Bxe8 Rxe8 14. Ne4 Bxe4 15. dxe4 dxe5 16. fxe5 Nc6 17. Bg5 Qc7 18. Bf6 Nxe5 19. Bxg7 Nxf3+ 20. Rxf3 Kxg7 21. e5 Rad8 22. Qf2 Rd5 23. Rf1 Rf8 24. Re3 Qe7 25. Qe1 Rfd8 26. h4 R8d7 27. Ref3 c4 28. Qg3 Qc5+ 29. Re3 Rd1 30. Rxd1 Rxd1+ 31. Kh2 Rf1 32. h5 Rf5 33. hxg6 hxg6 34. Qe1 Rh5+ 35. Kg1 Rxe5 0-1